20 Biggest Cities in South Korea - Statistics

General Stats
  • This quiz has been taken 25 times
  • The average score is 9 of 20
Answer Stats
Hint Answer % Correct
3,349,016 (부산) Busan
94%
2,945,454 (인천) Incheon
82%
2,410,700 (대구) Daegu
76%
1,477,573 (광주) Gwangju
71%
1,488,435 (대전) Daejeon
65%
1,210,150 (수원) Suwon
59%
1,135,423 (울산) Ulsan
59%
922,025 (성남) Seongnam
53%
666,517 (전주) Jeonju
47%
717,345 (안산) Ansan
41%
855,326 (청주) Cheongju
41%
1,045,497 (고양) Goyang
41%
833,148 (부천) Bucheon
35%
1,029,389 (창원) Changwon
35%
880,859 (화성) Hwaseong
35%
696,033 (남양주) Namyangju
35%
1,066,975 (용인) Yongin
35%
682,199 (천안) Cheonan
29%
9,586,195 (서울) Seoul
12%
552,427 (김해) Gimhae
0%
No matching quizzes found
Score Distribution
Percent of People with Each Score
Percentile by Number Answered
Your Score History
You have not taken this quiz